000 00329 a2200121 4500
001 ART_57022
005 20260410162049.0
008 260409a
245 1 0 _aActualidad tributaria
100 1 _aDalmasio, Adalberto Raúl
700 1 _aBaldo, Alberto
773 0 _tImpuestos
_g- N° 130 (ago. 2022)
_wREV45175
999 _c35632
_d35632